|
|
|
|
| LEADER |
00000nab a2200000 a 4500 |
| 001 |
vtls000204455 |
| 003 |
SK-MaSNL |
| 005 |
20260302204122.0 |
| 008 |
160215c1984 xo 0 slo |
| 015 |
|
|
|a SNBRB19rr/mm-uuuuu
|
| 035 |
|
|
|a CL0214568
|
| 040 |
|
|
|a SNKBUCL
|b slo
|c SNKBUCL
|e AACR2
|
| 041 |
0 |
|
|a slo
|
| 044 |
|
|
|a xo
|c SK
|
| 080 |
|
|
|a 796.52.077
|2 1981
|
| 080 |
|
|
|a 929 Demján, Zoltán
|2 1981
|
| 100 |
1 |
|
|a Bartovič, Gustáv
|4 aut
|9 573620
|
| 245 |
1 |
0 |
|a Kde tlačia a kde hrejú kozmické papučky
|b Zoltán Demján
|c Gustáv Bartovič
|
| 300 |
|
|
|b Obr. 4.
|
| 600 |
1 |
7 |
|a Demján, Zoltán,
|d 1955-
|2 snkbucl
|
| 655 |
|
7 |
|a články z novín a časopisov
|2 snkbucl
|9 267496
|
| 773 |
0 |
|
|t Štart
|g Roč. 29, č. 51-52 (1984), s. 14-15
|
| 850 |
|
|
|a Slovenská národná knižnica v Martine
|a MTA001
|
| 852 |
|
|
|a SNK
|b KIS3GCP
|
| 958 |
|
|
|a BX
|
| 958 |
|
|
|a RK
|
| 992 |
|
|
|a RBX
|
| 999 |
|
|
|c 1472011
|d 1473941
|